00528nam a2200193 a 4500001001300000003000900013005001700022008004100039020001000080082001300090100002700103245005200130260004800182300000800230500003500238505000800273650002600281700002700307nice12345678IN_TiNIC20260116011834.0050524s1935 laha grp 000 0 urd  ac10000a231bHMS aHenry Marty, Institute aKhuda Ka Pidrana Salukb the Way of the Father. aLahorebPunjab Religious Booksociety c1935 a29p aincludes index and biblioraphy2 aApp aGod-Biblical Teaching1 aHenry Marty, Institute